| 000 | nam a22 7a 4500 | ||
|---|---|---|---|
| 999 |
_c332266 _d332266 |
||
| 003 | NUST | ||
| 005 | 20171122101235.0 | ||
| 008 | 171122b xxu||||| |||| 00| 0 eng d | ||
| 020 | _a9788131411933 | ||
| 040 | _c0 | ||
| 082 | _a910.285 JOS | ||
| 245 |
_aGeographic Information System Management and Technology Perspective _cEdited by Rajul Gajendra Joshi, |
||
| 260 |
_aIndian _bThe Icfai University _c2010 |
||
| 300 | _a228p. | ||
| 500 | _aH.B | ||
| 942 |
_2ddc _cBK _kIESE |
||